Transfer pricing handbook : guidance on the OECD regulations /

A business that is not aware of all of its exposure to the tax policy of each country in which it does business may find itself paying more in taxes that the share of profit it generates. The Organisation for Economic Co-operation and Development (OECD) seeks to reduce the risk of business taxation...

Full description

Bibliographic Details
Main Author: Feinschreiber, Robert
Other Authors: Kent, Margaret, 1942-
Format: eBook
Language:English
Published: Hoboken, N.J. : John Wiley & Sons, 2012.
Series:Wiley corporate F&A series
Subjects:
Online Access:Connect to the full text of this electronic book

MARC

Tag First Indicator Second Indicator Subfields
LEADER 00000nam a2200000 a 4500
001 in00005690113
005 20260215000653.7
006 m o d
007 cr |||||||||||
008 120416s2012 nju ob 001 0 eng
010 |a  2012015776 
035 |a wil6005422 
035 |a (DLC)wil6005422 
040 |a DLC  |b eng  |e pn  |c DLC  |d N$T  |d YDXCP  |d E7B  |d EBLCP  |d UMI  |d UKDOC  |d OCLCF  |d DEBSZ  |d K6U  |d DG1  |d COO  |d DEBBG  |d OCLCQ  |d COCUF  |d DG1  |d MOR  |d LIP  |d PIFAG  |d ZCU  |d MERUC  |d OCLCQ  |d U3W  |d OCLCQ  |d STF  |d WRM  |d NRAMU  |d ICG  |d INT  |d VT2  |d AU@  |d OCLCQ  |d WYU  |d TKN  |d OCLCQ  |d DKC  |d OCLCQ  |d DLC 
020 |a 9781119203650  |q (electronic bk.) 
020 |a 1119203651  |q (electronic bk.) 
020 |z 9781118376560 
020 |z 1118376560 
020 |z 9781118376577 
020 |z 1118376579 
020 |z 9781118376553 
020 |z 1118376552 
020 |z 9781118347614  |q (cloth) 
020 |z 1118347617 
037 |a CL0500000223  |b Safari Books Online 
042 |a pcc 
050 0 0 |a HJ2305  |b .F45 2012 
072 7 |a BUS  |x 070000  |2 bisacsh 
082 0 0 |a 338.8/8  |2 23 
100 1 |a Feinschreiber, Robert. 
245 1 0 |a Transfer pricing handbook :  |b guidance on the OECD regulations /  |c Robert Feinschreiber, Margaret Kent. 
260 |a Hoboken, N.J. :  |b John Wiley & Sons,  |c 2012. 
300 |a 1 online resource 
336 |a text  |b txt  |2 rdacontent 
337 |a computer  |b c  |2 rdamedia 
338 |a online resource  |b cr  |2 rdacarrier 
490 0 |a Wiley corporate F&A series 
504 |a Includes bibliographical references and index. 
505 0 |a Preface -- Basic transfer pricing standards -- Introduction -- Arm's length principle -- Arm's length range -- Safe harbor simplification -- About the authors -- Index. 
588 0 |a Print version record and CIP data provided by publisher. 
520 |a A business that is not aware of all of its exposure to the tax policy of each country in which it does business may find itself paying more in taxes that the share of profit it generates. The Organisation for Economic Co-operation and Development (OECD) seeks to reduce the risk of business taxation in multiple countries. Transfer Pricing Handbook explores how countries can apply the OECD Guidelines to tax businesses that conduct their endeavors in more than one country. It is the ultimate comprehensive guide for companies doing business globally because it: helps companies properly price their goods and services for global markets; provides defenses for transfer pricing audits; provides standards for creating comparables that multijurisdictional tax administrations will accept; and, guides documentation requirements and timing issues. If you're doing business in more than one country, Transfer Pricing Handbook is a must-have, essential guide for simplifying OECD regulations for your global company. 
650 0 |a Transfer pricing  |x Taxation. 
650 0 |a Transfer pricing  |x Taxation  |x Law and legislation. 
655 4 |a Electronic books. 
700 1 |a Kent, Margaret,  |d 1942- 
776 0 8 |i Print version:  |a Feinschreiber, Robert.  |t Transfer pricing handbook.  |d Hoboken, N.J. : Wiley, 2012  |z 9781118347614  |w (DLC) 2012012435 
856 4 0 |u http://proxy.library.tamu.edu/login?url=https://onlinelibrary.wiley.com/book/10.1002/9781119203650  |z Connect to the full text of this electronic book  |t 0 
955 |a Wiley EBA record 
975 |p Wiley UBCM Full Collection 
976 |a 6005422 
999 f f |i 6c4d5425-0569-4ac0-918e-661028a773ff  |s ada42326-e56b-45d4-ae2f-e60860c3b8aa  |t 0 
952 f f |a Texas A&M University  |b College Station  |c Electronic Resources  |s evans_pda  |d Available Online  |t 0  |e HJ2305 .F45 2012  |h Library of Congress classification 
998 f f |a HJ2305 .F45 2012  |t 0  |l Available Online